[Event "Feffernitz Raika op 07th"]
[Site "Feffernitz"]
[Date "1998.08.22"]
[Round "?"]
[White "Spanz, Robert"]
[Black "Arztmann, Wolfgang"]
[Result "0-1"]
[WhiteElo "1667"]
[BlackElo "2024"]
[PlyCount "70"]
[EventDate "1998.08.??"]
[EventType "swiss"]
[EventRounds "9"]
[EventCountry "AUT"]
[SourceTitle "EXT 2004"]
[Source "ChessBase"]
[SourceDate "2003.11.25"]
[SourceVersion "1"]
[SourceVersionDate "2003.11.25"]
[SourceQuality "1"]

1. Nf3 f5 2. d4 Nf6 3. c4 e6 4. Nc3 Bb4 5. Qc2 0-0 6. Bd2 d5 7. Ne5 Qe7 8. e3 c6 9. Bd3 Bd6 10. 0-0 Ne4 11. f4 b6 12. a3 Bb7 13. Rae1 Nd7 14. Re2 Ndf6 15. Be1 Qe8 16. Nd1 c5 17. b4 Rc8 18. Qb2 Rc7 19. b5 g5 20. h3 Rg7 21. g4 fxg4 22. Bxe4 Nxe4 23. hxg4 gxf4 24. Rxf4 Rxf4 25. exf4 Bxe5 26. fxe5 Rxg4+ 27. Rg2 Qg6 28. Ne3 Rxg2+ 29. Qxg2 Qxg2+ 30. Nxg2 dxc4 31. dxc5 Nxc5 32. Bb4 Kg7 33. Nf4 a6 34. bxa6 Bxa6 35. Kg2 Bb7+ 0-1

[Event "Feffernitz Raika op 06th"]
[Site "Feffernitz"]
[Date "1997.08.23"]
[Round "?"]
[White "Korp, Kathrin"]
[Black "Spanz, Robert"]
[Result "1-0"]
[WhiteElo "1813"]
[BlackElo "1625"]
[PlyCount "53"]
[EventDate "1997.08.??"]
[EventType "swiss"]
[EventRounds "9"]
[EventCountry "AUT"]
[SourceTitle "EXT 2004"]
[Source "ChessBase"]
[SourceDate "2003.11.25"]
[SourceVersion "1"]
[SourceVersionDate "2003.11.25"]
[SourceQuality "1"]

1. Nf3 d5 2. d4 Nf6 3. Bg5 c5 4. c3 Nc6 5. Nbd2 cxd4 6. cxd4 Qa5 7. Bxf6 gxf6 8. e3 Bg4 9. Be2 e5 10. dxe5 Bb4 11. a3 Bxf3 12. Bxf3 Bxd2+ 13. Qxd2 0-0-0 14. Qxa5 Nxa5 15. Rc1+ Kb8 16. exf6 Rd6 17. Rc5 Nc4 18. Rxd5 Rxf6 19. Rb5 b6 20. Ke2 Rd6 21. Rd1 Rhd8 22. Rxd6 Rxd6 23. Rd5 Kc7 24. Rf5 f6 25. Rh5 Rd2+ 26. Ke1 a5 27. Rxh7+ 1-0